| 000 | 00561cam a2200217 4500 | ||
|---|---|---|---|
| 001 | L132297 | ||
| 008 | 000000n2002 000 0 eng u | ||
| 035 | _a(Sirsi) u132297 | ||
| 041 | _aeng | ||
| 050 | _a711.552 | ||
| 110 |
_aIngleby Trice Kennard _93587 |
||
| 245 | _aCity floorspace survey April 2005 | ||
| 260 |
_aLondon _bIngleby Trice Kennard _c2002 |
||
| 300 | _a1 pt. ; 30cm. | ||
| 650 | _aCITY OF LONDON | ||
| 650 | _aFLOORSPACE STATISTICS | ||
| 650 | _aOFFICES | ||
| 650 | _aLONDON | ||
| 690 | _aPROPERTY-COMMERCIAL PROPERTY | ||
| 942 | _n0 | ||
| 999 |
_c105083 _d105083 |
||